00420 2200145 4500001002100000008004100021035002000062245005100082100002600133260003600159300002100195082001500216650003000231990001300261INLIS000000000000349 ind  a0010-0322000349 aKUMPULAN CERITA RAKYAT NUSANTARA LENGKAPcIKHA aYUDHISTIRA IKRANEGARA aSURABAYAbBRIAN PUBLISHERc2011 a128 hlm.c25 cm. a398.395 98 aCERITA RAKYAT - INDONESIA a102536-1